Top 10 des langues les plus apprises par pays sur duolingo - Statistiques

Statistiques générales
  • Ce quiz a été pris 222 fois
  • Le résultat moyen est 9 sur 10
Statistiques - réponses
Langue Nombre de pays
l’ayant en 1ere ou
seconde langue
% Correct
Anglais 137
100%
Espagnol 76
99%
Français 95
98%
Allemand 27
92%
Italien 5
90%
Portugais 5
89%
Japonais 15
82%
Russe 5
82%
Mandarin 5
68%
Coréen 8
55%
Aucun quiz correspondant
Distribution des résultats
% des personnes avec chaque résultat
Percentile par nombre de réponses
Votre historique - résultats
Vous n’avez pas pris ce quiz